| 000 | 01109cam a2200241 4500 | ||
|---|---|---|---|
| 001 | WB3727-38 | ||
| 008 | 010711n2001 000 0 eng u | ||
| 035 | _a(Sirsi) u113605 | ||
| 245 | _aFuture of transport in London | ||
| 260 | _c2001 | ||
| 490 |
_aGreater London Authority News Release _v(309-1007) 9 July 2001, (3) |
||
| 520 | _aFollowing a year of consultation with residents, businesses and stakeholders, the Mayor of London has launched the Transport Strategy for London. This sets the framework for transport in the capital for the next ten years. The strategy aims to increase both bus, and Underground and rail, capacity by 40% by 2011, and to reduce traffic in central London by 15%. The latter will involve the introduction of congestion charging in central London. | ||
| 590 | _aWB | ||
| 650 | _aLONDON | ||
| 650 | _aBUSES | ||
| 650 | _aUNDERGROUND | ||
| 650 | _aTRAINS | ||
| 650 | _aPROPERTY-INFRASTRUCTURE-TRANSPORT INFRASTRUCTURE-ROAD INFRASTRUCTURE | ||
| 650 | _aTRANSPORT POLICY | ||
| 650 | _aCONGESTION CHARGING | ||
| 690 | _aTRANSPORT AND COMMUNICATIONS | ||
| 942 | _n0 | ||
| 999 |
_c67691 _d67691 |
||